| 000 | 00542nam a22002057a 4500 | ||
|---|---|---|---|
| 999 |
_c6767 _d6767 |
||
| 003 | OSt | ||
| 005 | 20251205020003.0 | ||
| 008 | 210215b ||||| |||| 00| 0 eng d | ||
| 020 | _a9780486422589 | ||
| 020 | _a0486422585 | ||
| 040 | _cDDC | ||
| 082 | _a515.7GRI 2002 | ||
| 100 |
_aGriffel,DH; _913876 |
||
| 245 | _aApplied Functional Analysis; | ||
| 260 |
_aNew York; _bDover Publications,Inc; _c2002. |
||
| 300 |
_a389p; _bill, _c27cm. |
||
| 504 | _aappendices, notes and index, | ||
| 650 |
_aStatistics. _91274 |
||
| 942 |
_2ddc _cO_SHELF _05 |
||